00664 2200217 4500001002100000005001500021035002000036245010500056100001800161250002400179300005500203856002200258700001700280260004400297082001000341084001600351020001800367650001000385008004100395990001000436INLIS00000000114837020260603015944 a0010-05260000471 aPRINCESS 17 :bBuku Komik Elex Media Komputindo /cPenulis; Seung Won HAN, Alih Bahasa; Ivana Tamrin0 aSeung Won HAN aEdisi ketujuh belas a183 halaman :bIlustrasi ;c11.3 x 17.2 cmeKertas aPerpustakaan Umum0 aIvana Tamrin aJakarta :bElex Media Komputindo,c2003 aF 813 aF 813 SEU p a979-20-4612-7 4aKomik260603 0  a//002